000 00301nam a2200121Ia 4500
008 240731s9999 xx 000 0 und d
022 _a2639-5916
245 0 _aEcosystems and People
260 _bTaylor & Francis
856 _uhttps://www.tandfonline.com/loi/tbsm22
942 _2ddc
942 _cTFEJ
999 _c76347
_d76347
945 _a1
_bMadushi Gamage
_c1
_dMadushi Gamage